| 000 | 00462nam a2200181 a 4500 | ||
|---|---|---|---|
| 001 | 2194 | ||
| 003 | CDMR | ||
| 005 | 20131007164412.0 | ||
| 008 | 130130s1977||||||||||||||||||||||||||||d | ||
| 020 | _a8429804358 | ||
| 040 |
_aCDMR _bcat _cCDMR |
||
| 100 | 1 |
_9417 _aGuillamet, Jaume |
|
| 245 | 1 | 3 |
_aLa premsa de les comarques gironines _cJaume Guillamet |
| 260 |
_aBarcelona _c1977 _bSelecta |
||
| 300 | _a211 p. | ||
| 650 | 0 | 4 |
_93553 _aPremsa _zGirona |
| 942 |
_cMON _2udc |
||
| 999 |
_c2194 _d2194 |
||